000 00918nam a2200229 i 4500
001 106197
003 ES-MaACL
005 20231214203306.0
007 t|
008 061006s1989 sp ||||1| spa d
080 _a75 Maestro de Astorga
100 1 _aDíaz Padrón, Matías,
_d1934-2022
_944376
245 1 3 _aEl Maestro de Astorga
_b: nuevas tablas inéditas o poco conocidas en colecciones españolas y extranjeras /
_cMatías Díaz Padrón, Mónica Seguí.
260 _aMadrid :
_bConsejo Superior de Investigaciones Científicas, Instituto Diego Velázquez,
_c1989.
300 _ap. [345]-354 :
_bil. ;
_c28 cm.
500 _aEn Varia: Separata de: Archivo Español de Arte, nº 247, 1989.
600 1 4 _aMaestro de Astorga.
_975410
700 1 _aSeguí, Mónica.
_9105176
710 2 _aInstituto Diego Velázquez.
_95021
852 _aES-MaACL
_j2206-F-2
_bR.138012
999 _c106197
_d106197